Yog Lektionen/ (Record no. 204659)

MARC details
000 -LEADER
fixed length control field 00420 a2200157 4500
010 ## - LCCN (DPL NO)
LC control number ENG-140960
020 ## - INTERNATIONAL STANDARD BOOK NUMBER
International Standard Book Number 9788188352555
Terms of availability 250.00
035 ## - SYSTEM CONTROL NUMBER
System control number EN-124492
037 ## - SOURCE OF ACQUISITION
Source of stock number/acquisition DBAD
082 14 - DEWEY DECIMAL CLASSIFICATION NUMBER
Classification number 133.5
100 ## - MAIN ENTRY--PERSONAL NAME
Personal name Swami Shyam
245 1# - TITLE STATEMENT
Title Yog Lektionen/
Statement of responsibility, etc By Swami Shyam
260 ## - PUBLICATION, DISTRIBUTION, ETC. (IMPRINT)
Name of publisher, distributor, etc Internationales Meditationsinstitute
300 ## - PHYSICAL DESCRIPTION
Extent 129p.
Dimensions 20cm(Hb)
942 ## - ADDED ENTRY ELEMENTS (KOHA)
Institution code [OBSOLETE] dpl
Item type English Books
Source of classification or shelving scheme Dewey Decimal Classification
Classification part 133.5
Call number suffix SHY
Holdings
Withdrawn status Lost status Not for loan Collection code Home library Current library Date acquired Source of acquisition Cost, normal purchase price Full call number Barcode Copy number Cost, replacement price Koha item type
    Not For Loan Non-fiction D.B.Act.Division D.B.Act.Division 31/07/2024 DBAD 250.00 133.5 SHY EN-124492 1 250.00 English Books

© Delhi Public Library
Hit Counter
free hit counter